[Event "SC-2017-0-00322"]
[Site "LSS email"]
[Date "2017.04.27"]
[Round "?"]
[White "Linke, Marius"]
[Black "De Gouveia, Pedro"]
[Result "1/2-1/2"]
[WhiteElo "1801"]
[BlackElo "1809"]
[PlyCount "45"]
[EventDate "2017.03.20"]
[EventType "tourn (corr)"]
[EventRounds "6"]
[EventCountry "GER"]
[SourceTitle "Corr 2022"]
[Source "ChessBase"]
[SourceDate "2021.10.24"]
[SourceVersion "1"]
[SourceVersionDate "2021.10.24"]
[SourceQuality "1"]

1. d4 Nf6 2. Nf3 d5 3. c4 dxc4 4. e3 e6 5. Bxc4 c5 6. 0-0 cxd4 7. exd4 Nc6 8. Nc3 Be7 9. a3 0-0 10. Re1 b6 11. d5 Na5 12. Ba2 Nxd5 13. Nxd5 exd5 14. Qxd5 Be6 15. Qxd8 Raxd8 16. Bxe6 fxe6 17. Bg5 Bxg5 18. Nxg5 Rd2 19. b4 Nc4 20. Nf3 Rd6 21. Ra2 h6 22. a4 Rf4 23. Rc1 1/2-1/2

[Event "SC-2016-0-00304"]
[Site "LSS email"]
[Date "2016.10.17"]
[Round "?"]
[White "Linke, Marius"]
[Black "Habes, Jiri"]
[Result "1/2-1/2"]
[WhiteElo "1853"]
[BlackElo "1822"]
[PlyCount "56"]
[EventDate "2016.08.25"]
[EventType "tourn (corr)"]
[EventRounds "6"]
[EventCountry "GER"]
[SourceTitle "Corr 2022"]
[Source "ChessBase"]
[SourceDate "2021.10.24"]
[SourceVersion "1"]
[SourceVersionDate "2021.10.24"]
[SourceQuality "1"]

1. d4 d5 2. Nf3 e6 3. c4 Nf6 4. g3 dxc4 5. Bg2 c5 6. 0-0 Nc6 7. dxc5 Qxd1 8. Rxd1 Bxc5 9. Nbd2 Ng4 10. Ne4 Be7 11. h3 Nf6 12. Nxf6+ Bxf6 13. Nd2 Na5 14. Ne4 Be7 15. Be3 Bd7 16. Rac1 Bb5 17. Nd6+ Bxd6 18. Rxd6 0-0 19. a4 Bc6 20. Bxc6 Nxc6 21. Rxc4 Rad8 22. Rxd8 Rxd8 23. b4 Rc8 24. f4 Ne7 25. Rxc8+ Nxc8 26. b5 b6 27. Kf2 Nd6 28. Kf3 f5 1/2-1/2

[Event "SC-2016-0-00304"]
[Site "LSS email"]
[Date "2016.10.17"]
[Round "?"]
[White "Linke, Marius"]
[Black "Linart, Ludvik"]
[Result "1/2-1/2"]
[WhiteElo "1853"]
[BlackElo "1728"]
[PlyCount "69"]
[EventDate "2016.08.25"]
[EventType "tourn (corr)"]
[EventRounds "6"]
[EventCountry "GER"]
[SourceTitle "Corr 2022"]
[Source "ChessBase"]
[SourceDate "2021.10.24"]
[SourceVersion "1"]
[SourceVersionDate "2021.10.24"]
[SourceQuality "1"]

1. d4 Nf6 2. Nf3 e6 3. g3 c5 4. c4 cxd4 5. Nxd4 d5 6. Bg2 e5 7. Nf3 d4 8. 0-0 Nc6 9. e3 Be7 10. exd4 exd4 11. Bf4 Be6 12. Nbd2 0-0 13. Re1 Qd7 14. a3 a5 15. Ne4 d3 16. Rc1 Nxe4 17. Rxe4 Bf6 18. Qd2 Bf5 19. Re3 Rae8 20. Rce1 Rxe3 21. Rxe3 a4 22. h4 Nd4 23. Nxd4 Qxd4 24. Bf1 Qxc4 25. Bxd3 Bxd3 26. Qxd3 Qxd3 27. Rxd3 Bxb2 28. Bg5 g6 29. Be7 Rc8 30. Rd7 b6 31. Ra7 Rc1+ 32. Kg2 Rc4 33. Bb4 Bd4 34. Rxa4 Rc2 35. Be1 1/2-1/2

[Event "SC-2016-0-00304"]
[Site "LSS email"]
[Date "2016.10.17"]
[Round "?"]
[White "Madrid Sole, Antonio"]
[Black "Linke, Marius"]
[Result "1/2-1/2"]
[WhiteElo "1785"]
[BlackElo "1853"]
[PlyCount "40"]
[EventDate "2016.08.25"]
[EventType "tourn (corr)"]
[EventRounds "6"]
[EventCountry "GER"]
[SourceTitle "Corr 2022"]
[Source "ChessBase"]
[SourceDate "2021.10.24"]
[SourceVersion "1"]
[SourceVersionDate "2021.10.24"]
[SourceQuality "1"]

1. d4 Nf6 2. Nf3 e6 3. e3 c5 4. Bd3 d5 5. c3 Nc6 6. Nbd2 Bd6 7. 0-0 0-0 8. dxc5 Bxc5 9. b4 Bd6 10. Bb2 a6 11. a3 b5 12. a4 Rb8 13. Qe2 Qb6 14. axb5 axb5 15. e4 Nd7 16. Rfe1 Nde5 17. Bc2 Bd7 18. Bb3 Nc4 19. exd5 exd5 20. Nxc4 dxc4 1/2-1/2

[Event "SC-2016-0-00299"]
[Site "LSS email"]
[Date "2016.08.13"]
[Round "?"]
[White "Linke, Marius"]
[Black "Hlavacek, Ladislav"]
[Result "1-0"]
[WhiteElo "1849"]
[BlackElo "1914"]
[PlyCount "67"]
[EventDate "2016.07.18"]
[EventType "tourn (corr)"]
[EventRounds "6"]
[EventCountry "GER"]
[SourceTitle "Corr 2022"]
[Source "ChessBase"]
[SourceDate "2021.10.24"]
[SourceVersion "1"]
[SourceVersionDate "2021.10.24"]
[SourceQuality "1"]

1. d4 Nf6 2. Nf3 e6 3. c4 Be7 4. g3 d5 5. Bg2 0-0 6. 0-0 dxc4 7. Qc2 a6 8. Qxc4 b5 9. Qc2 Bb7 10. Bd2 Be4 11. Qc1 c5 12. dxc5 Bxc5 13. Qxc5 Nbd7 14. Qd4 Rc8 15. Nc3 Bxf3 16. Bxf3 Nc5 17. Be3 Qxd4 18. Bxd4 b4 19. Bxc5 Rxc5 20. Ne4 Nxe4 21. Bxe4 a5 22. Rac1 Rfc8 23. Rxc5 Rxc5 24. Rd1 g6 25. h4 Kg7 26. b3 Kf6 27. Rd2 Ke7 28. Rc2 Re5 29. Bd3 Rd5 30. Rc7+ Kf6 31. Rb7 h6 32. Kf1 g5 33. hxg5+ Rxg5 34. Rb5 1-0

[Event "SC-2016-0-00299"]
[Site "LSS email"]
[Date "2016.08.13"]
[Round "?"]
[White "Linke, Marius"]
[Black "Koziol, Pawel"]
[Result "1/2-1/2"]
[WhiteElo "1849"]
[BlackElo "1655"]
[PlyCount "47"]
[EventDate "2016.07.18"]
[EventType "tourn (corr)"]
[EventRounds "6"]
[EventCountry "GER"]
[SourceTitle "Corr 2022"]
[Source "ChessBase"]
[SourceDate "2021.10.24"]
[SourceVersion "1"]
[SourceVersionDate "2021.10.24"]
[SourceQuality "1"]

1. d4 Nf6 2. Nf3 e6 3. c4 Bb4+ 4. Bd2 Qe7 5. a3 Bxd2+ 6. Qxd2 a5 7. Nc3 d6 8. g3 0-0 9. Bg2 e5 10. 0-0 h6 11. e4 Bg4 12. d5 Nbd7 13. h3 Bxf3 14. Bxf3 a4 15. Bd1 Nc5 16. Bc2 Nfd7 17. Rae1 Qg5 18. Qe2 Rfe8 19. Kg2 h5 20. h4 Qh6 21. Qd1 Nb6 22. Bd3 Re7 23. Be2 g6 24. Qc2 1/2-1/2

[Event "SC-2016-0-00298"]
[Site "LSS email"]
[Date "2016.07.31"]
[Round "?"]
[White "Hall, Dick"]
[Black "Linke, Marius"]
[Result "1/2-1/2"]
[WhiteElo "1810"]
[BlackElo "1849"]
[PlyCount "66"]
[EventDate "2016.06.29"]
[EventType "tourn (corr)"]
[EventRounds "6"]
[EventCountry "GER"]
[SourceTitle "Corr 2022"]
[Source "ChessBase"]
[SourceDate "2021.10.24"]
[SourceVersion "1"]
[SourceVersionDate "2021.10.24"]
[SourceQuality "1"]

1. e4 e6 2. d4 d5 3. Bd3 c5 4. exd5 exd5 5. dxc5 Bxc5 6. Nf3 Nf6 7. 0-0 0-0 8. Bg5 Nc6 9. Nc3 Be6 10. a3 h6 11. Bh4 Be7 12. Re1 Qd7 13. Qd2 Rfe8 14. Rad1 Rad8 15. h3 a6 16. Qc1 Nh5 17. Bxe7 Qxe7 18. Ne2 Qf6 19. Nh2 Qh4 20. c3 Ne5 21. Bc2 Qc4 22. Nd4 Bd7 23. Nf1 Qc7 24. Ne3 Nf6 25. Nef5 Bxf5 26. Nxf5 Nc4 27. b3 Nd6 28. Rxe8+ Rxe8 29. Qf4 Nb5 30. Qxc7 Nxc7 31. Nd6 Re2 32. Rc1 b5 33. Nf5 Re8 1/2-1/2

[Event "SC-2016-0-00298"]
[Site "LSS email"]
[Date "2016.07.31"]
[Round "?"]
[White "Linke, Marius"]
[Black "Schulz, Hans Juergen"]
[Result "0-1"]
[WhiteElo "1849"]
[BlackElo "1720"]
[PlyCount "38"]
[EventDate "2016.06.29"]
[EventType "tourn (corr)"]
[EventRounds "6"]
[EventCountry "GER"]
[SourceTitle "Corr 2022"]
[Source "ChessBase"]
[SourceDate "2021.10.24"]
[SourceVersion "1"]
[SourceVersionDate "2021.10.24"]
[SourceQuality "1"]

1. d4 d5 2. Nf3 Nf6 3. c4 c6 4. Nc3 e6 5. e3 Nbd7 6. Bd3 dxc4 7. Bxc4 b5 8. Bd3 Bb7 9. e4 b4 10. Na4 c5 11. e5 Nd5 12. Ng5 Be7 13. Qh5 g6 14. Qh6 cxd4 15. Qg7 Rf8 16. Nxh7 Qa5 17. b3 Nc3 18. Nxc3 dxc3 19. 0-0 Qd5 0-1

[Event "SB-2016-0-00444"]
[Site "LSS email"]
[Date "2016.03.10"]
[Round "?"]
[White "Krol, Wladyslaw"]
[Black "Linke, Marius"]
[Result "1/2-1/2"]
[WhiteElo "1927"]
[BlackElo "1917"]
[PlyCount "62"]
[EventDate "2016.02.09"]
[EventType "tourn (corr)"]
[EventRounds "6"]
[EventCountry "GER"]
[SourceTitle "Corr 2022"]
[Source "ChessBase"]
[SourceDate "2021.10.24"]
[SourceVersion "1"]
[SourceVersionDate "2021.10.24"]
[SourceQuality "1"]

1. e4 e6 2. f4 d5 3. Nf3 dxe4 4. Ng5 Nf6 5. Nc3 Be7 6. Bc4 a6 7. Ncxe4 b5 8. Bb3 Bb7 9. Nxf6+ Bxf6 10. 0-0 Bxg5 11. fxg5 Qxg5 12. Qe2 Qg6 13. d4 Nd7 14. Bf4 Rc8 15. a4 c5 16. axb5 axb5 17. Ra2 c4 18. Ra7 Qe4 19. Qxe4 Bxe4 20. Ba2 Bxc2 21. Bb1 Bxb1 22. Rxb1 Nb6 23. Bd6 Nd5 24. Rf1 b4 25. Rfxf7 c3 26. bxc3 bxc3 27. Ba3 c2 28. Bc1 g5 29. Rg7 h6 30. Kf2 Rb8 31. Ke1 Rc8 1/2-1/2

[Event "SB-2015-0-00432"]
[Site "LSS email"]
[Date "2015.12.03"]
[Round "?"]
[White "Celan, Melissa"]
[Black "Linke, Marius"]
[Result "1-0"]
[WhiteElo "2020"]
[BlackElo "1903"]
[PlyCount "55"]
[EventDate "2015.11.04"]
[EventType "tourn (corr)"]
[EventRounds "6"]
[EventCountry "GER"]
[SourceTitle "Corr 2022"]
[Source "ChessBase"]
[SourceDate "2021.10.24"]
[SourceVersion "1"]
[SourceVersionDate "2021.10.24"]
[SourceQuality "1"]

1. d4 Nf6 2. c4 c5 3. d5 e6 4. Nc3 exd5 5. cxd5 d6 6. e4 g6 7. h3 Bg7 8. Nf3 0-0 9. Bd3 b5 10. Nxb5 Re8 11. 0-0 Nxe4 12. Re1 a6 13. Nc3 Nxc3 14. Rxe8+ Qxe8 15. bxc3 Nd7 16. Rb1 Ne5 17. Nxe5 Bxe5 18. Bd2 Qd8 19. Qc1 Ra7 20. Bg5 Qa5 21. Qe3 Bb7 22. f4 Bxc3 23. Qe7 c4 24. Bh6 Qc5+ 25. Kh2 Qc8 26. Rc1 Bg7 27. Bxg7 Kxg7 28. f5 1-0

[Event "SB-2015-0-00432"]
[Site "LSS email"]
[Date "2015.12.03"]
[Round "?"]
[White "Linke, Marius"]
[Black "Blair, Matthew"]
[Result "1-0"]
[WhiteElo "1903"]
[BlackElo "1915"]
[PlyCount "57"]
[EventDate "2015.11.04"]
[EventType "tourn (corr)"]
[EventRounds "6"]
[EventCountry "GER"]
[SourceTitle "Corr 2022"]
[Source "ChessBase"]
[SourceDate "2021.10.24"]
[SourceVersion "1"]
[SourceVersionDate "2021.10.24"]
[SourceQuality "1"]

1. d4 Nf6 2. Nf3 g6 3. c4 Bg7 4. Nc3 d5 5. cxd5 Nxd5 6. e4 Nxc3 7. bxc3 c5 8. Rb1 0-0 9. Be2 cxd4 10. cxd4 Qa5+ 11. Bd2 Qxa2 12. 0-0 Bg4 13. Be3 Nc6 14. Rxb7 Rab8 15. Rc7 Rfc8 16. Rxc8+ Rxc8 17. h3 Bxf3 18. Bxf3 Rd8 19. d5 Ne5 20. Bg5 Bf6 21. Bxf6 exf6 22. Qd4 Rb8 23. Ra1 Rb1+ 24. Rxb1 Qxb1+ 25. Bd1 Kf8 26. Kh2 Qd3 27. Qc5+ Kg7 28. Bc2 Qc3 29. Qxc3 1-0

[Event "SB-2015-0-00432"]
[Site "LSS email"]
[Date "2015.12.03"]
[Round "?"]
[White "Linke, Marius"]
[Black "Pilgram, Kurt"]
[Result "1/2-1/2"]
[WhiteElo "1903"]
[BlackElo "1950"]
[PlyCount "75"]
[EventDate "2015.11.04"]
[EventType "tourn (corr)"]
[EventRounds "6"]
[EventCountry "GER"]
[SourceTitle "Corr 2022"]
[Source "ChessBase"]
[SourceDate "2021.10.24"]
[SourceVersion "1"]
[SourceVersionDate "2021.10.24"]
[SourceQuality "1"]

1. d4 d5 2. c4 e6 3. Nf3 Be7 4. g3 Nf6 5. Bg2 0-0 6. 0-0 dxc4 7. Qc2 a6 8. Qxc4 c5 9. dxc5 Qd5 10. Qxd5 Nxd5 11. Rd1 Bxc5 12. a3 Bd7 13. e4 Ba4 14. Re1 Nb6 15. b4 Be7 16. Nc3 Bd7 17. Bf4 Rc8 18. Rec1 Be8 19. Ne2 N8d7 20. Ned4 a5 21. bxa5 Rxa5 22. Rxc8 Nxc8 23. Rc1 Rc5 24. e5 Ncb6 25. Rb1 Nd5 26. Rxb7 Rc8 27. Rb3 Nc5 28. Rb1 Nxf4 29. gxf4 g6 30. Ne1 Bf8 31. Rc1 Rd8 32. Rc4 Na4 33. Nec2 Bh6 34. Rb4 Bxf4 35. Bc6 Nc5 36. Bxe8 Rxe8 37. Nc6 Nd3 38. Re4 1/2-1/2

[Event "LSS No Engine Cup 131 Preliminary 0"]
[Site "LSS email"]
[Date "2015.05.18"]
[Round "?"]
[White "Linke, Marius"]
[Black "Plunkett, Louis"]
[Result "1-0"]
[WhiteElo "1998"]
[BlackElo "1385"]
[PlyCount "85"]
[EventDate "2015.05.19"]
[EventType "tourn (corr)"]
[EventRounds "6"]
[EventCountry "GER"]
[SourceTitle "Corr 2022"]
[Source "ChessBase"]
[SourceDate "2021.10.24"]
[SourceVersion "1"]
[SourceVersionDate "2021.10.24"]
[SourceQuality "1"]

1. d4 d5 2. c4 e6 3. Nc3 c5 4. cxd5 exd5 5. Nf3 Nc6 6. g3 Nf6 7. Bg2 Be7 8. 0-0 0-0 9. Bg5 h6 10. Be3 Ng4 11. Bf4 Nf6 12. dxc5 Bxc5 13. Rc1 Bd6 14. Nxd5 Nxd5 15. Qxd5 Bxf4 16. Qxd8 Rxd8 17. gxf4 Bg4 18. e3 Rd7 19. Rxc6 Bxf3 20. Bxf3 bxc6 21. Bxc6 Rad8 22. Bxd7 Rxd7 23. Rc1 Rd2 24. Rc8+ Kh7 25. Rc7 a5 26. a4 f6 27. Rb7 h5 28. Rb5 Kh6 29. b3 Rb2 30. Kg2 g6 31. Kf3 f5 32. Kg3 Rb1 33. Rxa5 Rxb3 34. Ra8 Kg7 35. Kh4 Rb2 36. Kg5 Rxf2 37. Ra7+ Kf8 38. Kxg6 Rxh2 39. a5 Ke8 40. Kxf5 Rg2 41. a6 h4 42. Rh7 Ra2 43. a7 1-0

[Event "SB-2014-0-00383"]
[Site "LSS email"]
[Date "2014.09.14"]
[Round "?"]
[White "Ethier, Valori"]
[Black "Linke, Marius"]
[Result "0-1"]
[WhiteElo "1876"]
[BlackElo "1907"]
[PlyCount "56"]
[EventDate "2014.08.23"]
[EventType "tourn (corr)"]
[EventRounds "6"]
[EventCountry "GER"]
[SourceTitle "Corr 2022"]
[Source "ChessBase"]
[SourceDate "2021.10.24"]
[SourceVersion "1"]
[SourceVersionDate "2021.10.24"]
[SourceQuality "1"]

1. f4 d5 2. b3 Nf6 3. Bb2 c5 4. Nf3 Nc6 5. e3 a6 6. Ne5 Qd6 7. Be2 h5 8. 0-0 Bf5 9. d3 e6 10. h3 Qc7 11. Nxc6 Qxc6 12. Nd2 Be7 13. Bf3 0-0-0 14. Qe1 Qd7 15. e4 Bh7 16. Rd1 Qc7 17. Be5 Qb6 18. Qf2 Rd7 19. Rfe1 Rhd8 20. exd5 exd5 21. Rb1 Bd6 22. b4 Re8 23. Bxd6 Rxe1+ 24. Rxe1 Qxd6 25. bxc5 Qxf4 26. Nc4 Kb8 27. c6 Rc7 28. Ne5 Bf5 0-1

[Event "SB-2014-0-00383"]
[Site "LSS email"]
[Date "2014.09.14"]
[Round "?"]
[White "Seiler, Peter"]
[Black "Linke, Marius"]
[Result "1-0"]
[WhiteElo "1888"]
[BlackElo "1907"]
[PlyCount "93"]
[EventDate "2014.08.23"]
[EventType "tourn (corr)"]
[EventRounds "6"]
[EventCountry "GER"]
[SourceTitle "Corr 2022"]
[Source "ChessBase"]
[SourceDate "2021.10.24"]
[SourceVersion "1"]
[SourceVersionDate "2021.10.24"]
[SourceQuality "1"]

1. e4 e6 2. d4 d5 3. Nc3 Nf6 4. e5 Nfd7 5. f4 c5 6. Nf3 Nc6 7. Be3 a6 8. Qd2 b5 9. a3 Qb6 10. Ne2 c4 11. g4 h5 12. gxh5 Rxh5 13. Ng3 Rh8 14. f5 exf5 15. Nxf5 Nf6 16. Ng3 Ng4 17. Bf4 Be6 18. c3 Be7 19. Ng5 0-0-0 20. Nxe6 fxe6 21. Be2 Nh6 22. Bg5 Nf7 23. Bxe7 Nxe7 24. 0-0-0 Rdf8 25. Nh5 Nf5 26. Nf4 Ne7 27. Bg4 Nd8 28. Rdf1 Kb8 29. Rf2 Rf7 30. Rhf1 g6 31. Nxe6 Rxf2 32. Rxf2 Nxe6 33. Rf6 Nf5 34. Rxg6 Nfg7 35. Qg5 Re8 36. Rf6 Nxg5 37. Rxb6+ Ka7 38. Rg6 N5e6 39. h4 Re7 40. Rf6 Nc7 41. h5 Nge8 42. Rg6 a5 43. h6 Rh7 44. Bf5 Rh8 45. Kd2 Na8 46. Bd7 Nac7 47. Ke3 1-0

[Event "LSS No Engine Cup 87 Final"]
[Site "LSS email"]
[Date "2014.01.14"]
[Round "?"]
[White "Linke, Marius"]
[Black "Husemann, Andreas"]
[Result "0-1"]
[WhiteElo "2038"]
[BlackElo "2245"]
[PlyCount "38"]
[EventDate "2014.01.15"]
[EventType "tourn (corr)"]
[EventRounds "6"]
[EventCountry "GER"]
[SourceTitle "Corr 2022"]
[Source "ChessBase"]
[SourceDate "2021.10.24"]
[SourceVersion "1"]
[SourceVersionDate "2021.10.24"]
[SourceQuality "1"]

1. d4 Nf6 2. Nf3 g6 3. c4 Bg7 4. Nc3 d5 5. cxd5 Nxd5 6. g3 0-0 7. Bg2 Nb6 8. 0-0 Nc6 9. e3 Re8 10. Nh4 e5 11. d5 Na5 12. e4 c6 13. Qc2 cxd5 14. exd5 Bd7 15. Be3 Rc8 16. Rac1 Nac4 17. Rfd1 Nxe3 18. fxe3 Nc4 19. Qf2 Bh6 0-1

[Event "LSS No Engine Cup 87 Final"]
[Site "LSS email"]
[Date "2014.01.14"]
[Round "?"]
[White "Linke, Marius"]
[Black "Pech, Matej"]
[Result "0-1"]
[WhiteElo "2038"]
[BlackElo "1688"]
[PlyCount "74"]
[EventDate "2014.01.15"]
[EventType "tourn (corr)"]
[EventRounds "6"]
[EventCountry "GER"]
[SourceTitle "Corr 2022"]
[Source "ChessBase"]
[SourceDate "2021.10.24"]
[SourceVersion "1"]
[SourceVersionDate "2021.10.24"]
[SourceQuality "1"]

1. d4 Nf6 2. c4 e6 3. Nf3 b6 4. g3 Ba6 5. b3 Bb4+ 6. Bd2 Be7 7. Bg2 c6 8. Bc3 d5 9. Nbd2 Nbd7 10. 0-0 0-0 11. Re1 Bb7 12. e4 dxe4 13. Nxe4 c5 14. Ned2 a6 15. Qe2 cxd4 16. Nxd4 Bxg2 17. Kxg2 Qc7 18. N2f3 Rfe8 19. Rac1 Qb7 20. Kg1 Rac8 21. Nd2 Bf8 22. N4f3 Rcd8 23. Rcd1 e5 24. Ne4 Nxe4 25. Qxe4 Qxe4 26. Rxe4 f6 27. b4 Nb8 28. Rd2 Nc6 29. a3 a5 30. bxa5 bxa5 31. a4 Bb4 32. Re3 Kf7 33. Bxb4 axb4 34. Ra2 Rd1+ 35. Kg2 Na5 36. Nd2 Rd8 37. Re2 Rd3 0-1

[Event "LSS No Engine Cup 87 Final"]
[Site "LSS email"]
[Date "2014.01.14"]
[Round "?"]
[White "Pech, Jaroslav Sr"]
[Black "Linke, Marius"]
[Result "0-1"]
[WhiteElo "1695"]
[BlackElo "2038"]
[PlyCount "76"]
[EventDate "2014.01.15"]
[EventType "tourn (corr)"]
[EventRounds "6"]
[EventCountry "GER"]
[SourceTitle "Corr 2022"]
[Source "ChessBase"]
[SourceDate "2021.10.24"]
[SourceVersion "1"]
[SourceVersionDate "2021.10.24"]
[SourceQuality "1"]

1. e4 e5 2. Nf3 Nc6 3. Bb5 a6 4. Ba4 Nf6 5. 0-0 Be7 6. Re1 b5 7. Bb3 0-0 8. c3 d6 9. h3 Nb8 10. d4 Nbd7 11. Nbd2 Bb7 12. Bc2 Re8 13. Nf1 Bf8 14. Ng3 g6 15. a4 c5 16. d5 c4 17. Bg5 h6 18. Be3 Nc5 19. Qd2 h5 20. Bxc5 dxc5 21. Reb1 Qd6 22. Nf1 Reb8 23. b3 cxb3 24. Rxb3 bxa4 25. Rba3 Nd7 26. Qg5 Bg7 27. Bxa4 Nb6 28. Ne3 Kh7 29. Bd1 f6 30. Qg3 Bh6 31. Nd2 Ra7 32. Ndc4 Nxc4 33. Nxc4 Qf8 34. Qd3 Bf4 35. Rb3 Rd8 36. Qb1 Qe7 37. Ra5 Kg7 38. Rb6 Bc8 0-1

[Event "SB-2013-0-00337"]
[Site "LSS email"]
[Date "2013.11.09"]
[Round "?"]
[White "Linke, Marius"]
[Black "Schubert, Steffen"]
[Result "0-1"]
[WhiteElo "1980"]
[BlackElo "2018"]
[PlyCount "90"]
[EventDate "2013.10.15"]
[EventType "tourn (corr)"]
[EventRounds "6"]
[EventCountry "GER"]
[SourceTitle "Corr 2022"]
[Source "ChessBase"]
[SourceDate "2021.10.24"]
[SourceVersion "1"]
[SourceVersionDate "2021.10.24"]
[SourceQuality "1"]

1. d4 Nf6 2. Nf3 d5 3. c4 e6 4. g3 Bb4+ 5. Bd2 Be7 6. Bg2 0-0 7. 0-0 dxc4 8. Qc2 Nc6 9. Qxc4 Qd5 10. Qxd5 exd5 11. Nc3 Bd6 12. Nb5 Re8 13. e3 Bf5 14. Nxd6 cxd6 15. Rfc1 Rac8 16. b4 Bd3 17. a4 Ne4 18. b5 Nxd2 19. Nxd2 Nb4 20. Bf1 g6 21. a5 Kg7 22. g4 f5 23. g5 Bxf1 24. Kxf1 Nc2 25. Rab1 Rc3 26. Kg1 Rec8 27. b6 a6 28. Rb3 Nxd4 29. Rbxc3 Rxc3 30. Rxc3 Ne2+ 31. Kf1 Nxc3 32. Nb3 Kf7 33. Nd4 Ne4 34. h4 Nd2+ 35. Ke2 Nc4 36. Nb3 Ke6 37. Kd3 Ne5+ 38. Ke2 Kd7 39. f4 Nc4 40. Kd3 Kd8 41. Kd4 Ke7 42. Kd3 Na3 43. Kd4 Nc4 44. Kd3 Kd7 45. Ke2 d4 0-1

[Event "RB-2013-0-00217"]
[Site "LSS email"]
[Date "2013.08.26"]
[Round "?"]
[White "Wolff, Christoph"]
[Black "Linke, Marius"]
[Result "1-0"]
[WhiteElo "1875"]
[BlackElo "1896"]
[PlyCount "37"]
[EventDate "2013.06.18"]
[EventType "tourn (corr)"]
[EventRounds "6"]
[EventCountry "GER"]
[SourceTitle "Corr 2015"]
[Source "ChessBase"]
[SourceDate "2015.07.17"]
[SourceVersion "1"]
[SourceVersionDate "2015.07.17"]
[SourceQuality "1"]

1. e4 c5 2. Nc3 Nc6 3. f4 g6 4. Nf3 Bg7 5. Bb5 Na5 6. d4 a6 7. Be2 cxd4 8. Nxd4 b5 9. 0-0 Bb7 10. e5 d6 11. e6 fxe6 12. Nxe6 Qb6+ 13. Kh1 Bxc3 14. bxc3 Nf6 15. Bd3 Nc4 16. Qe2 Nd5 17. Bxc4 bxc4 18. Bd2 Rc8 19. f5 1-0

[Event "LSS No Engine Cup 87 Preliminary 4"]
[Site "LSS email"]
[Date "2013.05.06"]
[Round "?"]
[White "Linke, Marius"]
[Black "Plotnikov, Vladimir Anatolievi"]
[Result "1-0"]
[WhiteElo "1989"]
[BlackElo "1247"]
[PlyCount "79"]
[EventDate "2013.05.07"]
[EventType "tourn (corr)"]
[EventRounds "6"]
[EventCountry "GER"]
[SourceTitle "Telechess CBM 161"]
[Source "ChessBase"]
[SourceDate "2014.07.16"]
[SourceVersion "1"]
[SourceVersionDate "2014.07.16"]
[SourceQuality "1"]

1. d4 d5 2. c4 e6 3. Nf3 Nf6 4. g3 c6 5. Bg2 dxc4 6. 0-0 Be7 7. Ne5 Nbd7 8. Nxc4 Nd5 9. e4 N5b6 10. Nbd2 0-0 11. Nxb6 Nxb6 12. Nb3 Nc4 13. Qc2 b5 14. a4 Bb7 15. Nc5 Bxc5 16. dxc5 Qf6 17. axb5 cxb5 18. e5 Qe7 19. c6 Bc8 20. c7 Bd7 21. Bxa8 Rxa8 22. Qe4 Nb6 23. Qb7 Qe8 24. Rxa7 Rxa7 25. Qxa7 Nc8 26. Qb8 Bc6 27. Rd1 Qd7 28. Rxd7 Bxd7 29. Bg5 Kf8 30. f4 h6 31. Bh4 Kg8 32. Kf2 Kh7 33. g4 Kg6 34. Qb7 f5 35. exf6 gxf6 36. Qe4+ f5 37. gxf5+ exf5 38. Qd5 Nb6 39. Qg8+ Kh5 40. Kg3 1-0

[Event "LSS No Engine Cup 49 Preliminary 1"]
[Site "LSS email"]
[Date "2011.08.26"]
[Round "?"]
[White "Linke, Marius"]
[Black "Rush, Bradley"]
[Result "1-0"]
[WhiteElo "2065"]
[BlackElo "1117"]
[PlyCount "55"]
[EventDate "2011.08.27"]
[EventType "tourn (corr)"]
[EventRounds "6"]
[EventCountry "GER"]
[SourceTitle "Telechess CBM 151"]
[Source "ChessBase"]
[SourceDate "2012.11.13"]
[SourceVersion "1"]
[SourceVersionDate "2012.11.13"]
[SourceQuality "1"]

1. d4 b5 2. e4 Bb7 3. Bd3 e6 4. Nf3 c5 5. c3 Nf6 6. e5 Ne4 7. Qe2 d5 8. Bxb5+ Nc6 9. 0-0 Qb6 10. dxc5 Bxc5 11. Nbd2 a6 12. Bd3 Nxd2 13. Bxd2 a5 14. Rad1 h6 15. a3 Ba6 16. Bxa6 Rxa6 17. b4 axb4 18. axb4 Be7 19. b5 Ra2 20. bxc6 Qxc6 21. Nd4 Qa8 22. Qb5+ Kf8 23. Nc6 Bg5 24. Bxg5 hxg5 25. Qb4+ Kg8 26. Ne7+ Kh7 27. Qg4 Kh6 28. Qh3# 1-0

[Event "LSS No Engine Cup 49 Preliminary 1"]
[Site "LSS email"]
[Date "2011.08.26"]
[Round "?"]
[White "Linke, Marius"]
[Black "Ruzicka, Richard"]
[Result "1-0"]
[WhiteElo "2065"]
[BlackElo "1649"]
[PlyCount "58"]
[EventDate "2011.08.27"]
[EventType "tourn (corr)"]
[EventRounds "6"]
[EventCountry "GER"]
[SourceTitle "Telechess CBM 151"]
[Source "ChessBase"]
[SourceDate "2012.11.13"]
[SourceVersion "1"]
[SourceVersionDate "2012.11.13"]
[SourceQuality "1"]

1. e4 c5 2. Nf3 Nc6 3. Bb5 d6 4. 0-0 Bd7 5. Re1 a6 6. Bf1 e5 7. c3 Nf6 8. h3 Be7 9. d4 cxd4 10. cxd4 Qb6 11. d5 Nd4 12. Nxd4 exd4 13. Na3 0-0 14. Nc4 Qc5 15. b4 Qa7 16. Bb2 b5 17. Bxd4 Qb7 18. Na5 Qb8 19. Rc1 Rc8 20. Nc6 Bxc6 21. dxc6 Ne8 22. Qb3 Bf6 23. Be3 Nc7 24. Red1 Rd8 25. Bf4 Be5 26. Bxe5 dxe5 27. Rd7 Rxd7 28. cxd7 Qb7 29. Qc2 Ne6 1-0